La salúd i [sic] la escuela / (Record no. 152000)

MARC details
000 -LEADER
campo de control de longitud fija 00658nam a2200181 i 4500
001 - NÚMERO DE CONTROL
campo de control 152000
003 - IDENTIFICADOR DE NÚMERO DE CONTROL
campo de control ES-MaACL
005 - FECHA Y HORA DE LA ÚLTIMA TRANSACCIÓN
campo de control 20230906204504.0
008 - DATOS DE LONGITUD FIJA--INFORMACIÓN GENERAL
campo de control de longitud fija 051010s1886 ag | |||||||| ||spa d
040 ## - FUENTE DE CATALOGACIÓN
Centro catalogador/agencia de origen CAM
Lengua de catalogación spa
Centro/agencia transcriptor CAM
100 1# - ENTRADA PRINCIPAL--NOMBRE DE PERSONA
Nombre de persona Berra, F. A.
9 (RLIN) 28368
245 13 - MENCIÓN DEL TÍTULO
Título La salúd i [sic] la escuela /
Mención de responsabilidad, etc. F.A. Berra.
250 ## - MENCION DE EDICION
Mención de edición 3ª ed.
260 ## - PUBLICACIÓN, DISTRIBUCIÓN, ETC.
Lugar de publicación, distribución, etc. Buenos Aires; La Plata :
Nombre del editor, distribuidor, etc. [s.n.],
Fecha de publicación, distribución, etc. 1886 (
Fabricante Imprenta, litografía y encuadernación de Jacobo Peuser)
300 ## - DESCRIPCIÓN FÍSICA
Extensión 226 p. ;
Dimensiones 21 cm.
650 #4 - PUNTO DE ACCESO ADICIONAL DE MATERIA--TÉRMINO DE MATERIA
Término de materia o nombre geográfico como elemento de entrada Higiene escolar.
9 (RLIN) 147625
852 ## - LOCALIZACIÓN
Ubicación ES-MaACL
Número de control de estantería T-587-F-1
Nota libre -- Enc. gol., conservnado la enc. original
-- -- Enc. en un vol. facticio
Holdings
Estatus retirado Estado de pérdida Estado de daño No para préstamo Colección Biblioteca de origen Biblioteca actual Ubicación en estantería Fecha de adquisición Total de préstamos Signatura topográfica completa Código de barras Visto por última vez Precio de reemplazo Tipo de ítem Koha
        Colección de folletos Biblioteca del Ateneo de Madrid Biblioteca del Ateneo de Madrid Depósito folletos 17/01/2008   T-587-F-1 1158659 23/02/2023 23/02/2023 Folleto